Guess the singer - O - Statistics

General Stats
  • This quiz has been taken 95 times
  • The average score is 7 of 20
Answer Stats
Hint Answer % Correct
Hey Ya! Outkast
80%
Don't Look Back In Anger Oasis
72%
good 4 u Olivia Rodrigo
69%
Counting Stars One Republic
67%
Crazy Train Ozzy Osbourne
62%
Physical Olivia Newton-John
60%
Night Changes One Direction
55%
Fireflies Owl City
48%
Pretty Fly (For a White Guy) The Offspring
41%
Troublemaker Olly Murs
33%
I Hate U, I Love U Olivia O'Brien
22%
Ric Flair Drip Offset
17%
Here It Goes Again OK Go
10%
Confidence Ocean Alley
9%
Evergreen Omar Apollo
9%
Post to Be Omarion
9%
All or Nothing O-Town
9%
Shimmy Shimmy Ya Ol' Dirty Bastard
8%
The Hardest Part Olivia Dean
5%
Second & Sebring Of Mice & Men
3%
No matching quizzes found
Score Distribution
Percent of People with Each Score
Percentile by Number Answered
Your Score History
You have not taken this quiz